000 00776 a2200193 4500
003 Nust
005 20221212123241.0
010 _a 00063703
020 _a8178083019
040 _cNust
082 0 0 _a621.3821,WID
245 0 0 _aWideband wireless digital communications /
_cAndreas F. Molisch, editor.
260 _aUpper Saddle River, NJ :
_bPrentice Hall,
_cc2001.
300 _axvi, 549 p. :
_bill. ;
_c25 cm.
505 _a Introduction to Wideband Systems (Page-1), Unequal zed Systems (Page-63), Equalization Techniques for Single Carrier untspread (Page-155), Orthogonal Frequency Division Multiplexing (Page-309), Code Division Multiple Access (Page-387).
650 0 _aTelecommunication Engineering
700 1 _aMolisch, Andreas F.
_957983
942 _2ddc
_cBK
999 _c182639
_d182639